LEADER 00953nam0 22002531i 450 001 UON00180667 005 20231205103130.543 010 $a08-7332-336-X 100 $a20030730d1985 |0itac50 ba 101 $aeng 102 $aUS 105 $a|||| 1|||| 200 1 $aEconomics without equilibrium$fNicholas Kaldor$gwith a preface by James Tobin 210 $aNew York$cArmonk$d1985 - 79 p. ; 21 cm. 606 $aEconomia$xSaggi$3UONC034303$2FI 606 $aEQUILIBRIO ECONOMICO$xStudi$3UONC034788$2FI 700 1$aKALDOR$bNicholas$3UONV103663$034198 702 1$aTOBIN$bJames$3UONV101649 801 $aIT$bSOL$c20250217$gRICA 899 $aSIBA - SISTEMA BIBLIOTECARIO DI ATENEO$2UONSI 912 $aUON00180667 950 $aSIBA - SISTEMA BIBLIOTECARIO DI ATENEO$dSI O 0135 $eSI SC 17227 5 0135 996 $aEconomics without equilibrium$934816 997 $aUNIOR LEADER 01500nam0 22003131i 450 001 UON00505903 005 20231205105435.737 100 $a20210802d1958 |0itac50 ba 101 $afre 102 $aFR 105 $a||||0 ||||| 200 1 $aEssais$fMontaigne 205 $aNouvelle édition conforme au texte de l'exemplaire de Bprdeaux$favec les additions de l'édition posthume$bune introduction 210 $aParis$cGarnier$d1958 215 $a3 v.$d19 cm. 410 1$1001UON00172566$12001 $aClassiques Garnier$1210 $aParis$cGarnier Frères 620 $aFR$dParis$3UONL002984 676 $a194$cFilosofia occidentale moderna. Francia$v21 676 $a844$cLetteratura francese. Saggi$v21 700 1$aMONTAIGNE$bMichel : de$3UONV140070$0172668 702 1$aRat$bMaurice$3UONV145402 712 $aGarnier Frères$3UONV254608$4650 801 $aIT$bSOL$c20260220$gRICA 912 $aUON00505903 950 $aSIBA - SISTEMA BIBLIOTECARIO DI ATENEO E ARCHIVIO STORICO$dSI C.G MON 04 $eSI LO 54642 5 04 950 $aSIBA - SISTEMA BIBLIOTECARIO DI ATENEO E ARCHIVIO STORICO$dSI C.G MON 05 $eSI LO 54643 5 05 950 $aSIBA - SISTEMA BIBLIOTECARIO DI ATENEO E ARCHIVIO STORICO$dSI C.G MON 06 $eSI LO 54644 5 06 996 $aEssais$931838 997 $aUNIOR